Statistiken für Geschichte der Datenträger

Klicken Sie hier um das Quiz zu spielen!

Allgemein

  • Dieses Quiz wurde 109 mal gespielt
  • Das Durchschnittsergebnis liegt bei 5 aus 21

Antwortstatistiken

JahrDatenträger% Korrekt
1989Compact Disk
92%
ca. 100 n. Chr.Papier
73%
1995DVD
69%
1996USB Stick
64%
1956Festplatte
48%
ca. 3200 v. Chr.Steinplatte
38%
1889Schallplatte
34%
2005Blu-Ray Disk
28%
2001SD Karte
20%
1951Magnetband
19%
1890Lochkarte/Lochstreifen
13%
1978Laserdisk
9%
1994ZIP-Laufwerk
3%
2005HD DVD
2%
2009Holografischer Speicher (HVD)
2%
19823,5 Zoll Diskette
0%
19765,25 Zoll Floppy
0%
19698 Zoll Floppy
0%
1950Kernspeicher
0%
1885Phonographenwalze
0%
1975Wechselfestplatte
0%

Verteilung der Resultate

Perzentil nach korrekt beantworteten Fragen

Anzahl Personen mit jedem Resultat

Ihre Resultats-Entwicklung

Sie haben dieses Quiz noch nicht gespielt